| 000 -LEADER | |
|---|---|
| fixed length control field | 00461nam a22001817a 4500 |
| 005 - DATE AND TIME OF LATEST TRANSACTION | |
| control field | 20251010115137.0 |
| 008 - FIXED-LENGTH DATA ELEMENTS--GENERAL INFORMATION | |
| fixed length control field | 251008b |||||||| |||| 00| 0 eng d |
| 020 ## - INTERNATIONAL STANDARD BOOK NUMBER | |
| ISBN | 978-81-7956-159-1 |
| 041 ## - LANGUAGE CODE | |
| Language code of text/sound track or separate title | eng |
| 082 ## - DEWEY DECIMAL CLASSIFICATION NUMBER | |
| Classification number | 622.068KAK-S |
| 100 ## - MAIN ENTRY--AUTHOR NAME | |
| Personal name | KAKU, L C |
| 245 ## - TITLE STATEMENT | |
| Title | A STUDY OF MINE MANAGEMENT, LEGISLATION & GENERAL SAFETY |
| 250 ## - EDITION STATEMENT | |
| Edition statement | REV ED. [2022] |
| 260 ## - PUBLICATION, DISTRIBUTION, ETC. (IMPRINT) | |
| Place of publication | DHANBAD |
| Name of publisher | LOVELY PRAKASHAN |
| 300 ## - PHYSICAL DESCRIPTION | |
| Number of Pages | 622;P |
| 650 ## - SUBJECT ADDED ENTRY--TOPICAL TERM | |
| Topical Term | MINING |
| 942 ## - ADDED ENTRY ELEMENTS (KOHA) | |
| Koha item type | Books |
| Lost status | Damaged status | Collection code | Home library | Current library | Date acquired | Source of acquisition | Cost, normal purchase price | Serial Enumeration / chronology | Full call number | Accession Number | Koha item type | Shelving location |
|---|---|---|---|---|---|---|---|---|---|---|---|---|
| MINING | JRU Library | JRU Library | 08/10/2025 | PURCHASE | 1250.00 | LBI/000779, DATE-4-10-2025 | 622.068 | 28968 | Books | |||
| MINING | JRU Library | JRU Library | 08/10/2025 | PURCHASE | 1250.00 | LBI/000779, DATE-4-10-2025 | 622.068 | 28969 | Books | SHELF-100-D |